000 00433pab a2200169 454500
008 180718b2015 xxu||||| |||| 00| 0 eng d
100 _aBanerjee (Chaterjee), Tanmoyee
245 _aCredit labour interlinkage revisited
260 _c2015
300 _ap.131-167.
362 _aJan-Jun
650 _aLabour
700 _aGhosh, Chandralekha
700 _aRoy, Malabika
773 _aIndian Economic Review
909 _a114293
999 _c114287
_d114287